|
|
|
|
| LEADER |
00000nam a2200000 a 4500 |
| 001 |
vtls001224199 |
| 003 |
SK-MaSNL |
| 005 |
20260301154626.0 |
| 008 |
240313s1996 xo aap r yy ger |
| 015 |
|
|
|a SNBA1997/0300845
|
| 020 |
|
|
|a 8080411263
|
| 035 |
|
|
|a SNK000170563
|
| 035 |
|
|
|a urn:nbn:sk:snk-amljl4
|
| 035 |
|
|
|a urn:nbn:sk:snk-am00bqr0
|
| 035 |
|
|
|a 87B4497F-6BDC-45AE-8124-23C0CC18AC2C
|
| 040 |
|
|
|a SNK
|b slo
|c SNK
|e AACR2
|
| 041 |
0 |
|
|a ger
|
| 044 |
|
|
|a xo
|c SK
|
| 080 |
|
|
|a 803.0(075)
|2 1981
|
| 100 |
1 |
|
|a Lenčová, Ivica
|4 aut
|9 8220
|
| 245 |
1 |
|
|a Literarische Texte im Deutschunterricht
|n Heft 3
|p Gedichte
|c Ivica Lenčová
|
| 260 |
|
|
|a Banská Bystrica
|b Metodické centrum
|c 1996
|
| 300 |
|
|
|a 30 s.
|b Ilustr., tab.
|c 21 cm
|
| 500 |
|
|
|a 300 výt.
|
| 504 |
|
|
|a Bibliogr. s. 29
|
| 650 |
0 |
7 |
|a nemčina
|x texty literárne
|x príručky
|2 SNK
|9 517771
|
| 655 |
|
7 |
|a príručky
|2 SNK
|9 74364
|
| 919 |
|
|
|a 80-8041-126-3
|
| 958 |
|
|
|a OND
|
| 958 |
|
|
|a TL
|
| 958 |
|
|
|a BQ
|
| 958 |
|
|
|a NB
|
| 958 |
|
|
|a UO
|
| 999 |
|
|
|c 797516
|d 799446
|
| 952 |
|
|
|t P60, <09>, [BOOK], {629}
|a SNK
|b SNK
|y NEVYP
|7 0
|o snkC 12
|i snk23/970113
|0 0
|1 0
|4 0
|d 1997-01-10
|l 0
|r 2005-01-01 00:00:00
|w 2026-02-24
|
| 952 |
|
|
|t P60, <03>, [BOOK], {603}
|a SNK
|b SNK
|y PREZ
|7 0
|p 17A0028381
|o snkSB 52169/3
|i snkKSP 137/97
|0 0
|1 0
|4 0
|d 1997-01-10
|f 1
|l 0
|r 2025-03-14 00:00:00
|w 2026-02-24
|
| 952 |
|
|
|t P60, <04>, [BOOK], {604}
|a SNK
|b SNK
|y VYP
|7 0
|p 17A0028380
|o snkSB 52169/3 D1
|i snkKSP 138/97
|0 0
|1 0
|4 0
|d 1997-01-10
|l 0
|r 2005-01-01 00:00:00
|w 2026-02-24
|